000
00311nam a22001337a 4500
020
_q
PB.
040
_c
FIZZA ISHAQ
082
_a
006.31
_b
JOH
100
_a
FOREMAN,W JOHN.
_9
89182
245
_a
DATA SMART /
_c
JOHN W FOREMAN.
260
_a
NEW DEHLI ;
_b
WILEY,
_c
2014.
300
_a
409 P. ;
942
_2
ddc
_c
BK
999
_c
587995
_d
587995